| 000 | 00496nam a2200169Ia 4500 | ||
|---|---|---|---|
| 999 |
_c27092 _d27092 |
||
| 003 | OSt | ||
| 005 | 20210107121259.0 | ||
| 008 | 190216s9999||||xx |||||||||||||| ||und|| | ||
| 040 | _coclc | ||
| 082 |
_a954 _bHAB/K |
||
| 100 |
_aHabib, Irfan _92538 |
||
| 245 | 0 |
_aKrishikkar India Charithrathil / _cIrfan Habib |
|
| 260 |
_bChintha Publishers, _aThiruvananthapuram: _c1992. |
||
| 300 | _a107p | ||
| 650 | _aMalayalam Charithram | ||
| 942 |
_cBK _2ddc _h954 _iHAB/K _k954 _mHAB/K |
||